BIBLIOTECA PODER JUDICIAL
Portal Judicial TDF

Imprescriptibilidad de los delitos de funcionarios públicos y su tratamiento en la jurisprudencia nacional. Luces y sombras de un debate actual / (Registro nro. 6443)

000 -LEADER
fixed length control field 01554nab a22002417a 4500
003 - CONTROL NUMBER IDENTIFIER
control field OSt
005 - DATE AND TIME OF LATEST TRANSACTION
control field 20260204095406.0
008 - FIXED-LENGTH DATA ELEMENTS--GENERAL INFORMATION
fixed length control field 190429b xxu||||| |||| 00| 0 spa d
040 ## - CATALOGING SOURCE
Transcribing agency PJ
100 ## - MAIN ENTRY--PERSONAL NAME
9 (RLIN) 7068
Personal name Gorini, Franco Nicolás
245 10 - TITLE STATEMENT
Title Imprescriptibilidad de los delitos de funcionarios públicos y su tratamiento en la jurisprudencia nacional. Luces y sombras de un debate actual /
Statement of responsibility, etc Franco Nicolás Gorini.
260 ## - PUBLICATION, DISTRIBUTION, ETC. (IMPRINT)
Date of publication, distribution, etc Ciudad Autónoma de Buenos Aires :
Place of publication, distribution, etc Thomson Reuters La Ley,
Name of publisher, distributor, etc 2024.
300 ## - PHYSICAL DESCRIPTION
Extent p. 87-94
500 ## - GENERAL NOTE
General note Cita Online: AR/DOC/2686/2024.
505 ## - FORMATTED CONTENTS NOTE
Formatted contents note Sumario: I. Introducción.— II. La corrupción como delito y sus consecuencias sobre los derechos humanos.— III. Notas sobre el instituto de la prescripción penal.— IV. El concepto de funcionario público.— V. El tratamiento de la imprescriptibilidad de la corrupción en el derecho comparado.— VI. El tratamiento de la imprescriptibilidad de los delitos de corrupción en la jurisprudencia nacional.— VII. Una referencia inexcusable: el debate parlamentario sobre el texto constitucional.— VIII. A modo de conclusión.<br/><br/><br/>
505 ## - FORMATTED CONTENTS NOTE
Title Si te interesa el texto completo, solicitalo a koha@justierradelfuego.gov.ar
650 #0 - SUBJECT ADDED ENTRY--TOPICAL TERM
9 (RLIN) 343
Topical term or geographic name as entry element DERECHO PENAL
650 #0 - SUBJECT ADDED ENTRY--TOPICAL TERM
9 (RLIN) 1496
Topical term or geographic name as entry element FUNCIONARIOS PUBLICOS
650 #0 - SUBJECT ADDED ENTRY--TOPICAL TERM
9 (RLIN) 2910
Topical term or geographic name as entry element CORRUPCIÓN
650 #0 - SUBJECT ADDED ENTRY--TOPICAL TERM
9 (RLIN) 234
Topical term or geographic name as entry element DERECHO COMPARADO
773 0# - HOST ITEM ENTRY
Host Biblionumber 2658
Host Itemnumber 3164
Title Revista de derecho penal y criminología. Nº 1 - Febrero 2024
Place, publisher, and date of publication Ciudad Autónoma de Buenos Aires : Thomson Reuters La Ley, 2017-
International Standard Serial Number 00347914
942 ## - ADDED ENTRY ELEMENTS (KOHA)
Source of classification or shelving scheme
Koha item type Analítica Artículo de Revista

No hay ítems disponibles.

12 de Octubre 789 Ushuaia - Tel:  54(02901)441571
Horario de Atención: 8.00 a 17.00 hs. 
bibliotecaush@justierradelfuego.gov.ar
koha@justierradelfuego.gov.ar
Seguinos en nuestras redes @bibliojustdf 

Con tecnología Koha